Body Systems - Digestive - Statistics

General Stats
  • This quiz has been taken 30 times
  • The average score is 5 of 8
Answer Stats
Answer % Correct
Stomach
93%
Large Intestine
86%
Small Intestine
86%
Oesophagus
76%
Gallbladder
59%
Pancreas
59%
Teeth
34%
Salivary Glands
28%
No matching quizzes found
Score Distribution
Percent of People with Each Score
Percentile by Number Answered
Your Score History
You have not taken this quiz